Дело о выкупе земельных наделов временнообязанными крестьянами князя А.А. Мещерского деревни Лелятиной Брянского уезда Орловской...

Доступно только в Электронных читальных залах Найти на картеНа карте
RUSMARC
00004091nmc2a2200000 x 450
00103539571-1d48-4385-abdd-0740189fec00
00520170125151642.0
100##$a20140325l18811881k l0rusy0189 ca
1010#$arus
102##$aRU
2001#$aДело о выкупе земельных наделов временнообязанными крестьянами князя А.А. Мещерского деревни Лелятиной Брянского уезда Орловской губернии
$j26 марта - 24 октября 1881 г.
251##$cДело
300##$aДело
300##$aОриг. заголовок дела: Дело князя Мещерского А.А. Орловской губернии Брянского уезда деревни Лелятиной. 26 марта 1881 г. - 24 октября 1881 г
801#0$aRU
$bРГИА
$c20140325
$gRCR
801#1$aRU
$bГлавНИВЦ
$c20140325
$2rusmarc
801#2$aRU
$bПБ им. Б.Н. Ельцина
$c20170125
$gRCR
$2rusmarc
850##$aРГИА
852##$aРГИА
$eФедеральное казенное учреждение "Российский государственный исторический архив" (РГИА)
$j454
937##$hРГИА
$d11013412
$aASBIBLIO_SCAN
462#0$10012327ab3a-0548-404e-b4cb-e37355ac5039
$12001
$a1863-1889 гг.
$1251
$cОпись
$1852
$j26
461#0$10018ef30ad5-ff5c-4840-a721-74c62a200f95
$12001
$aГлавное выкупное учреждение Министерства финансов
$1251
$cФонд
$1852
$j577
215##$a203 л.
$d36,5х26 см
371##$aДокумент не является опубликованным и широко распространяемым
105##$ay###
1222#$ad
5171#$aДело князя Мещерского А.А. Орловской губернии Брянского уезда деревни Лелятиной. 26 марта 1881 г. - 24 октября 1881 г.
035##$a03539571-1d48-4385-abdd-0740189fec00
856##$uhttp://readingroom.main.prlib.ru/item.aspx?id_node=n94962493&mode=full
Формат отображения